000 00889cam a2200289 4500
001 ABS65107
008 020225n2002 000 0 eng u
035 _a(Sirsi) u116828
245 _aFocus market supplement: East Midlands
260 _c2002
490 _aEstates Gazette
_vEast Midlands Supplement February 2002, (70) (LOAN)
590 _aABS
650 _aURBAN REGENERATION
650 _aNOTTINGHAM
650 _aEAST MIDLANDS DEVELOPMENT AGENCY
650 _aOFFICE DEVELOPMENT
650 _aM1 CORRIDOR
650 _aEAST MIDLANDS AIRPORT
650 _aREGIONAL AIRPORTS
650 _aINDUSTRIAL MARKET
650 _aDISTRIBUTION INDUSTRY
650 _aPROPERTY-COMMERCIAL PROPERTY-RETAIL PROPERTY-RETAIL PROPERTY MARKET
650 _aLEISURE MARKET
650 _aREGIONS
690 _aPROPERTY-COMMERCIAL PROPERTY-COMMERCIAL PROPERTY MARKET
942 _n0
999 _c69580
_d69580